Dissertatio Epistolica De Medietate Trivm Magnarvm, qvas vocant, Religionvm

Bibliographic Details
Main Author: Buck, Johann Christian, 1672-1723 (Author)
Corporate Author: Meyer, Johann Gottfried (Wittenberg, Nemecko) (Printer)
Other Authors: Meyer, Johann Gottfried (Printer)
Format: Book
Language:Latin
PhysicalDescription:16 nečíslovaných strán 19 cm
Subjects:

MARC

LEADER 00000nam a2200000 4500
001 vtls011968969
003 SK-MaSNL
005 20260301102928.0
008 251112s1703 gw 0 0n0 lat
015 |a SNBHFA1703 
040 |a SNKHF  |b slo  |c SNKHF  |e rda 
041 0 |a lat 
044 |a gw  |c DE 
072 7 |a 2-1  |x Prirodzená teológia. Náboženská filozofia  |2 konspekt 
080 |a 2-1  |2 2011 
100 1 |a Buck, Johann Christian,  |d 1672-1723  |4 aut  |9 439431 
245 1 0 |a Dissertatio Epistolica De Medietate Trivm Magnarvm, qvas vocant, Religionvm  |c Ad Theologvm Celeberrimvm, Virvm Summe Reverendum atqve Magnificum, Dominvm Io. Georg. Nevmannvm, S.S. Theologiae Doctorem & Prof. Publ. de Ecclesia longe meritissimum, Gravissimum Alumnorum Electoralium Ephorum, Academiae Bibliothecarium atqve h.t. Pro Rectorem Magnificum, Dominum, Patronum ac Praeceptorem suum summopere venerandum, cum pia animi devotione scripta a M. Io. Christ. Buckio, Eccles. Torgensi 
264 3 |a Vitembergae  |b Literis Meyerianis  |c CIƆ IƆ CC III. (1703) 
300 |a 16 nečíslovaných strán  |c 19 cm 
336 |a text  |b txt  |2 rdacontent 
337 |a bez média  |b n  |2 rdamedia 
338 |a zväzok  |b nc  |2 rdacarrier 
500 |a Rok tlače uvedený na titulnom liste v zloženej forme rímskeho čísla 
500 |a Linky, vinety, iniciála na 7 riadkov, neživé záhlavie, zložky, kustody 
501 |a Príväzok 6. k.: LEYSER, Wilhelm. Wilhelmi Lyseri, D. Theologi Consummatissimi, Summarium Locorum Theologicorum, e Scripturae dictis concinnatum & Notis accuratissimis auctum. Wittebergae: Apud Joh. Christophori Föllginer, 1694.  |5 SNK ID 101847 
510 4 |a VD18  |c 10390235 
546 |a Latinčina  |b Antikva  |b Kurzíva 
561 |a Z knižnice Učenej spoločnosti malohontskej.  |5 SNK ID 101847/prív.6 
650 0 7 |a teológia  |2 SNKPH  |9 1814 
650 0 7 |a náboženská filozofia  |2 SNKPH  |9 3774 
655 7 |a dizertácie  |2 SNKPH  |9 70277 
700 1 |a Neumann, Johann Georg,  |d 1661-1709  |4 dte  |9 350938 
700 1 |a Meyer, Johann Gottfried  |4 prt  |9 422615 
710 2 |a Učená spoločnosť malohontská  |4 fmo  |9 205374 
710 1 |a Meyer, Johann Gottfried (Wittenberg, Nemecko),  |d 1703-1721  |4 prt  |9 422616 
752 |a Nemecko  |d Wittenberg 
852 |a snk  |b Historické fondy  |p ID 101847/prív.6 
958 |a DD 
958 |a ONDV 
999 |c 693602  |d 695532 
952 |t MHC 1397  |a SNK  |b SNK  |c SNK_HF  |y PREZ  |7 0  |p 17A1395418  |o snkID 101847/prív.6  |i snk2020/8095  |8 5  |0 0  |1 0  |4 0  |d 2020-05-25  |l 0  |r 2026-02-23 20:34:19  |w 2026-02-23